|
|
|
|
| LEADER |
00837cam a2200253 7i4500 |
| 001 |
0000036701 |
| 005 |
20211124090000.0 |
| 007 |
##ta |
| 008 |
211124s1995 myw e 00 0 may |
| 020 |
# |
# |
|a 9830460355
|
| 040 |
# |
# |
|a MATR
|
| 090 |
0 |
0 |
|a FM 618.24
|b AMA
|
| 245 |
0 |
0 |
|a Amalan Ketika Mengandung dan Setelah Bersalin Serta Panduan Menamakan Bayi
|c penyusun Abu Afiqah.
|
| 264 |
# |
0 |
|a Kuala Lumpur:
|b Darul Nu'man,
|c 1995.
|
| 300 |
# |
# |
|a x, 322 pages;
|c 21 cm.
|
| 336 |
# |
# |
|a text
|2 rdacontent
|
| 337 |
# |
# |
|a unmediated
|2 rdamedia
|
| 338 |
# |
# |
|a volume
|2 rdacarrier
|
| 500 |
# |
# |
|a Mengandungi ayat-ayat dari al-Quran
|
| 650 |
0 |
0 |
|a Names, Personal --
|x Islamic
|
| 650 |
0 |
0 |
|a Parenting --
|x Religious aspects --
|x Islam
|
| 650 |
0 |
0 |
|a Pregnancy --
|x Religious aspects --
|x Islam
|
| 700 |
0 |
# |
|a Abu Afiqah
|
| 999 |
|
|
|a F000000004
|b Book
|c Book
|e BICplus
|